01039nam a22002177a 4500001000400000003000600004005001700010008004100027020001800068040002200086050000800108082001100116100001800127245008100145260003400226300003200260505000600292520048700298521001800785521001800803268FISKH20250818105052.0230313b cb ||||| |||| 00| 0 eng d a9780007865215 aFISKHbengcFISKH aPZ7 a823.92 aCutbill, Andy aAlbie and the big racebA small boy in a weird, wild world!cby Andy Cutbill aThailandbHarperCollinsc2010 a16 leaves of platesc18 cm. aF aMeet Albie - a small boy in a weird, wild world. Albie is a six year old boy whose imagination turns his surroundings into wild fantasy and he sees peculiar creatures everywhere. Why does no one else notice them? It's a mystery to Albie. It seems like just another ordinary afternoon to Albie until he finds... penguins on a hostess trolley, zebras inside a grandfather clock and an elephant on a unicycle. Get your skates on, Albie! It's the Annual Smokin' Wheels Speed Convention!8 a400 bLexile8 aF bRaz-Plus